=LDR 00000nam 2200000 4500 =001 INLIS000000000037645 =005 20130612143352 =008 ***********************************Ind** =035 ##$$0010-061300000037645 =041 ##$$a Ind =082 ##$$a 796 =090 ##$$a 796, Ang t =100 ##$$a Anggoro, Dwi =245 ##$$a Top dunia olahraga, 380 serba serbi unik, tokoh dan atlet terhebat di dunia olahraga, Dewi Anggoro =260 ##$$a 2011 $b Jakarta =300 ##$$a 164 hlm, ilus, 22 cm =650 ##$$a Olah Raga =850 ##$$a NBPNMAT =990 ##$$a 0001/BPAP-NTB/20142015